| 000 | 00653nam a2200205 a 4500 | ||
|---|---|---|---|
| 005 | 20210223121028.0 | ||
| 008 | 991125s1999 mx 000 0 spa u | ||
| 020 | _a968165885X | ||
| 035 | _aUPN01000011051 | ||
| 049 | _aCG | ||
| 050 | 4 |
_aF1391 S2.2 _bW7.5 |
|
| 100 | 1 |
_aWright, David, _d1956- |
|
| 245 | 1 | 3 |
_aLa conquista del Bajío y los orígenes de San Miguel de Allende / _cDavid Charles Wright Carr. |
| 260 |
_aMéxico : _bCFE, _c1999. |
||
| 300 | _a158 p., [12] p. de láms. col. | ||
| 440 | 0 | _aSección de obras de historia | |
| 651 | 4 |
_aBAJIO, EL (REGION) _98642 |
|
| 651 | 4 |
_aSAN MIGUEL DE ALLENDE, GUANAJUATO - _xHISTORIA |
|
| 905 | _aLibro | ||
| 999 |
_c11051 _d11051 |
||